000 005790000a22001810004500
003 MACL
005 20160123115801.0
008 160123b xxu||||| |||| 00| 0 eng d
040 _aMACL
_cMACL
041 _aHindi
082 _a530
100 _aभटनागर निपेन्‍द्र
_934232
245 _aवस्‍तुनिष्‍ठ मुलभूत भौतिकी भाग 2
260 _aमेरठ
_bअरिहन्‍त प्रकाशन
_c2014
350 _a550
650 _aभौतिकी
_932133
942 _cHIN
_k530
_2ddc
999 _c49083
_d49083